Normal view
MARC view
- اللغة-علم اللغة-علم اللغة في القرن العشرين
Entry Topical Term
001 - CONTROL NUMBER
- control field: 37545
003 - CONTROL NUMBER IDENTIFIER
- control field: JO-AjAnu
005 - DATE AND TIME OF LATEST TRANSACTION
- control field: 20230606080247.0
008 - FIXED-LENGTH DATA ELEMENTS
- fixed length control field: 230606|| aca||aabn | a|a d
040 ## - CATALOGING SOURCE
- Original cataloging agency: JO-AjAnu
- Transcribing agency: JO-AjAnu
150 ## - HEADING--TOPICAL TERM
- Topical term or geographic name entry element: اللغة-علم اللغة-علم اللغة في القرن العشرين
670 ## - SOURCE DATA FOUND
- Source citation: Work cat.: (JO-AjAnu)19264: مونان، جورج تأليف؛ غزاوي، نجيب مترجم, author 37544, علم اللغة في القرن العشرين